El alma eucarística: quien es, cómo se conoce, cómo se forma
Guardat en:
| Autor principal: | |
|---|---|
| Format: | Llibre |
| Idioma: | espanyol |
| Publicat: |
Barcelona
Tipografia Católica Casals
1921
|
| Edició: | 5a. ed |
| Matèries: | |
| Etiquetes: |
Afegir etiqueta
Sense etiquetes, Sigues el primer a etiquetar aquest registre!
|
MARC
| LEADER | 00000cam a2200000 a 4500 | ||
|---|---|---|---|
| 001 | UCD1154 | ||
| 003 | CL-VaPUC | ||
| 008 | 160107e19210000sp |||||||||||||||||spa|d | ||
| 082 | 0 | 4 | |a 248 |b CAS |2 21 |
| 100 | |a Castellammare, Antonio de |e author |9 584247 | ||
| 245 | 1 | 3 | |a El alma eucarística: quien es, cómo se conoce, cómo se forma |
| 250 | |a 5a. ed | ||
| 300 | |a 656 p | ||
| 942 | |c BK | ||
| 945 | |d 20160107 17:53:00 |a gsalatino | ||
| 260 | |a Barcelona |b Tipografia Católica Casals |c 1921 | ||
| 650 | 0 | |a Espiritualidad |9 267331 | |
| 650 | 7 | |a MEDITACION |2 CL-VaPUC |9 313094 | |
| 650 | 0 | |a Ejercicios espirituales |9 318608 | |
| 650 | 0 | |a Alma |9 259008 | |
| 583 | |a last modification |c 20160107 17:53:00 |k Rodrigo Vera | ||
| 999 | |c 362568 |d 362566 | ||
| 952 | |0 0 |1 0 |3 erd |4 0 |6 248_000000000000000_CAS_1921 |7 0 |8 P |9 473872 |a BIBTEO |b BIBTES |c TEO_FTES |i 5276101 |o 248 CAS 1921 |p 5276101 |r 2024-01-18 |w 2019-11-24 |y BK |z Catalogado en:20160107 |k ICR | ||